| 000 | 01025nam0a22002771 4500 | ||
|---|---|---|---|
| 001 | rc\2773421 | ||
| 005 | 20250806205605.0 | ||
| 035 | _a(NLR Aleph) 006899746 | ||
| 090 |
_a29449 _c29449 |
||
| 100 | _a20110915d1941 u y0rusy50 ca | ||
| 101 | 0 | _arus | |
| 102 | _aRU | ||
| 105 | _aa z |||a| | ||
| 200 | 1 |
_aТри рассказа _e[Для дошкол. возраста] _f[Ил. А. Пластова] |
|
| 210 |
_a[Москва] _a[Ленинград] _cДетиздат _d1941 _eМосква |
||
| 215 |
_a28 с., без тит. л. _cил. _d24 см. |
||
| 700 | 1 |
_aПришвин _bМ. М. _f1873-1954 _gМихаил Михайлович _3RU\NLR\AUTH\7724538 |
|
| 702 | 1 |
_aПластов _bА. А. _f1893-1972 _gАркадий Александрович _3RU\NLR\AUTH\77117094 _4440 |
|
| 801 | 0 |
_aRU _bNLR _gpsbo |
|
| 801 | 1 |
_aRU _bELAR _2rusmarc |
|
| 852 |
_aNLR _jДл02 Г-7/16 |
||
| 942 | _cBOOK | ||
| 945 | _aРоссийская национальная библиотека | ||
| 980 | _aNB | ||
| 980 | _aBV | ||